Guía de las actas de cabildo de la Ciudad de México (Record no. 160)

MARC details
000 -CABECERA
campo de control de longitud fija 00803nam a2200229 a 4500
001 - NÚMERO DE CONTROL
campo de control BRCA_191
005 - FECHA Y HORA DE LA ÚLTIMA TRANSACCIÓN
campo de control 20190320202921.0
008 - DATOS DE LONGITUD FIJA--INFORMACIÓN GENERAL
campo de control de longitud fija 870806s1987----mx-#######---s001-0dspa-#
020 ## - NÚMERO INTERNACIONAL ESTÁNDAR DEL LIBRO
Número Internacional Estándar del Libro 9688160822
040 ## - FUENTE DE LA CATALOGACIÓN
Centro catalogador/agencia de origen DLC
Centro/agencia transcriptor DLC
Centro/agencia modificador DLC
041 ## - CÓDIGO DE LENGUA
Código de lengua del texto/banda sonora o título independiente spa
044 ## - CÓDIGO DEL PAÍS DE LA ENTIDAD EDITORA/PRODUCTORA
Código MARC del país mx
050 #4 - SIGNATURA TOPOGRÁFICA DE LA BIBLIOTECA DEL CONGRESO
Número de clasificación F1386
Número de documento/Ítem .M66 1987
100 1# - ENTRADA PRINCIPAL--NOMBRE DE PERSONA
Nombre de persona Monroy Padilla, María Isabel
9 (RLIN) 696
245 10 - MENCIÓN DE TÍTULO
Título Guía de las actas de cabildo de la Ciudad de México
Resto del título años 1601-1610 : siglo XVII
Mención de responsabilidad, etc. María Isabel Monroy Padilla.
260 ## - PUBLICACIÓN, DISTRIBUCIÓN, ETC.
Lugar de publicación, distribución, etc. México
Nombre del editor, distribuidor, etc. Departamento del Distrito Federal ; Secretaría General de Desarrollo Social
Fecha de publicación, distribución, etc. 1987
300 ## - DESCRIPCIÓN FÍSICA
Extensión 466 p.
Dimensiones 22 cm.
500 ## - NOTA GENERAL
Nota general Incluye índice de materias e índice onomástico
500 ## - NOTA GENERAL
Nota general Estado físico: primera hoja suelta
651 #4 - PUNTO DE ACCESO ADICIONAL DE MATERIA--NOMBRE GEOGRÁFICO
Nombre geográfico Ciudad de México
Subdivisión de forma Fuentes
Subdivisión general Historia
9 (RLIN) 697
942 ## - ELEMENTOS DE PUNTO DE ACCESO ADICIONAL (KOHA)
Fuente del sistema de clasificación o colocación Library of Congress Classification
Tipo de ítem Koha Libros
Holdings
Estado de retiro Estado de pérdida Estado dañado No para préstamo Localización permanente Ubicación/localización actual Fecha de adquisición Total de préstamos Signatura topográfica completa Código de barras Fecha visto por última vez Precio válido a partir de Tipo de ítem Koha
El ejemplar forma parte de la colección y puede ser consultado según las políticas vigentes.       Biblioteca del Museo Franz Mayer (Rogerio Casas-Alatriste) Biblioteca del Museo Franz Mayer (Rogerio Casas-Alatriste) 25/06/2008   F1386 .M66 1987 00256 22/03/2019 22/03/2019 Libros